000 00388nam a2200169Ia 4500
005 20240823015323.0
008 240823s9999||||xx |||||||||||||| ||und||
082 _A621.3192 N2
100 _aAshfaq Husain
245 0 _aCircuit Theory
250 _a1st
260 _c1992
_b"CBS,Delhi"
500 _aYES
650 _aElectric Circuits
_bElectronics
942 _cBK
999 _c172149
_d172149